Best NBA players in the 2017 NBA playoffs this year - Statistics

General Stats
  • This quiz has been taken 267 times
  • The average score is 18 of 45
Answer Stats
Answer Answer % Correct
1. SF Lebron James
100%
8. PG Stephen Curry
97%
12. SF Kevin Durant
89%
2. PG Russell Westbrook
89%
20. SG Klay Thompson
86%
3. SG James Harden
85%
9. PG Kyrie Irving
85%
14. PG Chris Paul
74%
5. SF Kawhi Leonard
73%
13. SF Paul George
69%
4. PG Isiah Thomas
61%
6. SG DeMar Derozan
58%
26. PF Kevin Love
57%
19. SF Giannis Antetokounmpo
56%
10. PG John Wall
56%
18. PF Blake Griffin
50%
16. SG Bradley Beal
49%
11. SG Jimmy Butler
49%
22. C Pau Gasol
48%
27. C Deandre Jordan
47%
15. SG CJ McCollum
40%
24. PG Mike Conley
39%
42. C Al Horford
37%
30. C Rudy Gobert
37%
29. PG Rajon Rondo
35%
28. PF Paul Millsap
32%
32. C Dwight Howard
31%
43. SG Avery Bradley
28%
35. SG Victor Oladipo
28%
41. SF/SG Andre Iguodala
26%
44. C Clint Capela
26%
38. C Robin Lopez
21%
31. C Myles Turner
20%
34. PF Markieff Morris
13%
37. C Nene
6%
36. PF Taj Gibson
6%
39. SG Lou Williams
2%
40. SF Tony Snell
2%
25. SG Dwayne Wade
1%
45. C JaVale McGee
1%
7. Pg Damion LiIlard
0%
21. PF Draymond Geen
0%
17. SF Gordan Hayword
0%
33. C Marcin Gortant
0%
23. C Mark Gasol
0%
No matching quizzes found
Score Distribution
Percent of People with Each Score
Percentile by Number Answered
Your Score History
You have not taken this quiz